000 01471nam a22002417a 4500
999 _c58545
_d58545
003 Ge_BSU
005 20220601115135.0
008 220601s2020 ge ||||| |||| 00| 0 geo d
020 _a9789941268052
041 _ageo
080 _a33 გ-91
100 _aგრძელიშვილი ნოდარ.
_94965
245 _aრეგიონი :
_bეკონომიკა, პოლიტიკა, მართვა. /
_cნ. გრძელიშვილი. [რედ. : ჭითანავა ნ.], რეც. : თ. ბაბუნაშვილი , ნ. გოგოლაური, ზ. სანადირაძე.
264 _aთბილისი :
_bუნივერსალი,
_c2020.
300 _a381 გვ.:
_bგრაფიკები, სქემები.
_c30 სმ.
500 _aგარეკანზე პარალ. სათ ინგლ. ენაზე
504 _aბიბლიოგრ. გვ.324 -339.
653 _aეკონომიკური მდგომარეობა. ეკონომიკური პოლიტიკა
653 _aმენეჯმენტი, დაგეგმვა. წარმოება. მომსახურება. ფასები.
700 _aჭითანავა ნ.
_eრდაქტორი
_9883
710 _aახალი უმაღლესი სასწავლებელი
_913930
942 _2udc
_cBK